Phylogenetic development of food selection in certain orthopteroids (Registro nro. 13132)

Detalles MARC
000 -CABECERA
Campo de control 005310000a22001690004500
090 ## - CLASIFICACIÓN LOCAL
Colección AR
Consecutivo 00189
041 0# - IDIOMA
Código de idioma para texto/pista de sonido o título separado
100 1# - ASIENTO PRINCIPAL--NOMBRE PERSONAL
Nombre personal Gangwere, S. K.
245 10 - MENCION DE TITULO
Título Phylogenetic development of food selection in certain orthopteroids
650 14 - ASIENTO SECUNDARIO DE MATERIA - TERMINO TEMATICO
Término temático o nombre geográfico como elemento de entrada Paleoentomología
650 14 - ASIENTO SECUNDARIO DE MATERIA - TERMINO TEMATICO
Término temático o nombre geográfico como elemento de entrada Entomología
650 14 - ASIENTO SECUNDARIO DE MATERIA - TERMINO TEMATICO
Término temático o nombre geográfico como elemento de entrada Hábitos alimentarios
650 14 - ASIENTO SECUNDARIO DE MATERIA - TERMINO TEMATICO
Término temático o nombre geográfico como elemento de entrada Ortópteros
650 14 - ASIENTO SECUNDARIO DE MATERIA - TERMINO TEMATICO
Término temático o nombre geográfico como elemento de entrada Evolución
773 1# - Item fuente:
Título Revista española de entomología
Datos de la serie EOS
Detalles específicos del material Febrero
Descripción física 3-4
Paginas del Articulo 383-392
Lugar, editorial y fecha de publicación 1967
Información sobre la relación XLII
942 ## - ELEMENTOS ADICIONALES (KOHA)
Tipo de ítem Artículo
Existencias
Withdrawn status Lost status Damaged status No para préstamo Colección Ubicación Permanente Ubicación actual Fecha de adquisición Datos de publicación Seriada Total Checkouts Número topográfico Inventario / Código de Barras Date last seen Ejemplar Price effective from Forma de adquisición Tipo de material
      No para Préstamo Hemeroteca Bogotá Bogotá 27/02/2015 Fuera de circulación   AR 00189 014316 25/03/2015 1 25/03/2015   Artículo